<?xml version="1.0" encoding="UTF-8"?><?xml-stylesheet type="text/xsl" href="static/style.xsl"?><OAI-PMH xmlns="http://www.openarchives.org/OAI/2.0/" xmlns:xsi="http://www.w3.org/2001/XMLSchema-instance" xsi:schemaLocation="http://www.openarchives.org/OAI/2.0/ http://www.openarchives.org/OAI/2.0/OAI-PMH.xsd"><responseDate>2026-06-03T08:58:21Z</responseDate><request verb="GetRecord" identifier="oai:riuma.uma.es:10630/37655" metadataPrefix="marc">https://riuma.uma.es/rest/oai/request</request><GetRecord><record><header><identifier>oai:riuma.uma.es:10630/37655</identifier><datestamp>2026-02-03T11:11:35Z</datestamp><setSpec>com_10630_2254</setSpec><setSpec>col_10630_37953</setSpec></header><metadata><record xmlns="http://www.loc.gov/MARC21/slim" xmlns:dcterms="http://purl.org/dc/terms/" xmlns:doc="http://www.lyncode.com/xoai" xmlns:xsi="http://www.w3.org/2001/XMLSchema-instance" xsi:schemaLocation="http://www.loc.gov/MARC21/slim http://www.loc.gov/standards/marcxml/schema/MARC21slim.xsd">
   <leader>00925njm 22002777a 4500</leader>
   <datafield ind2=" " ind1=" " tag="042">
      <subfield code="a">dc</subfield>
   </datafield>
   <datafield ind2=" " ind1=" " tag="720">
      <subfield code="a">Vega, Elo</subfield>
      <subfield code="e">author</subfield>
   </datafield>
   <datafield ind2=" " ind1=" " tag="260">
      <subfield code="c">2024</subfield>
   </datafield>
   <datafield ind2=" " ind1=" " tag="520">
      <subfield code="a">En 2023, la autora puso en marcha, desde el ámbito de su práctica artística, un proyecto&#xd;
de relectura crítica de la obra quizá más emblemática y célebre del Museo de Málaga,&#xd;
Una autopsia, realizada por Enrique Simonet en 1890, popularmente conocida por el&#xd;
título de ¡Y tenía corazón!&#xd;
Siendo los museos espacios de conocimiento, sin embargo, como señalaron hace tiempo&#xd;
las artista e historiadoras feministas, también son potentes instrumentos ideológicos&#xd;
de legitimación de las jerarquías de dominación masculina. En el contexto de una&#xd;
guerra cultural donde, en medio del consumismo banal propio del espectáculo, afloran&#xd;
reacciones que persiguen la perpetuación de un orden patriarcal en crisis, el museo se&#xd;
enfrenta al desafío de restablecer su rol como herramienta ligada a la educación en un&#xd;
proyecto de emancipación ciudadana.&#xd;
El proyecto se desarrolla en un doble plano, a partir de la inserción en el museo de una&#xd;
nueva obra y mediante un seminario, en el que un conjunto de creadoras e investigadoras&#xd;
se acercan al tema de la representación del cuerpo femenino en la tradición occidental&#xd;
para efectuar una aguda disección del mismo desde diversas perspectivas que, sin&#xd;
embargo, no olvidan en ningún momento su condición situada en el contexto local.</subfield>
   </datafield>
   <datafield ind1="8" ind2=" " tag="024">
      <subfield code="a">Vega, E. (2024). Anatomía de una pintura: el museo como espacio de debate y reflexión feminista. ANIAV - Revista De Investigación En Artes Visuales, (15), 41–50. https://doi.org/10.4995/aniav.2024.21909</subfield>
   </datafield>
   <datafield ind1="8" ind2=" " tag="024">
      <subfield code="a">https://hdl.handle.net/10630/37655</subfield>
   </datafield>
   <datafield ind1="8" ind2=" " tag="024">
      <subfield code="a">10.4995/aniav.2024.21909</subfield>
   </datafield>
   <datafield tag="653" ind2=" " ind1=" ">
      <subfield code="a">Feminismo en el arte</subfield>
   </datafield>
   <datafield ind2="0" ind1="0" tag="245">
      <subfield code="a">Anatomía de una pintura: el museo como espacio de debate y reflexión feminista</subfield>
   </datafield>
</record>
</metadata></record></GetRecord></OAI-PMH>